000 003950000a22001690004500
041 0 _aSPA
082 0 4 _aG 261 C3921f
245 1 0 _aFe cristiana y compromiso social
250 _a2
260 _aBogotá, Colobia : CELAM
300 _a527 Pag
001 6887
942 _cBK
999 _c37136
_d37136
336 _atexto
_btxt
_2rdacontent
337 _2rdamedia
_asin mediación
_bn
338 _2rdacarrier
_avolumen
_bnc